000
00253nam a2200097Ia 4500
001
775368
005
20250826165828.0
008
250824s9999 xx 000 0 und d
245
0
_a
AŞKA YOLCULUK VEYSEL KARANİ
_c
SİNAN YAĞMUR
260
_b
DESTEK YAYINLARI
999
_c
775368
_d
775368